| 000 | 00797cam a2200265La 4500 | ||
|---|---|---|---|
| 001 | 41033 | ||
| 005 | 20230411085955.0 | ||
| 008 | 840425s1976 ag 000 0 spa d | ||
| 035 | _a(OCoLC)ocm15386819 | ||
| 040 |
_aNJR _cNJR _dOCLCQ |
||
| 035 | _a(OCoLC)15386819 | ||
| 041 | 1 |
_ascr _hspa |
|
| 043 | _ae-yu--- | ||
| 049 | _aGRAL | ||
| 100 | 1 |
_aKardelj, Edvard, _d1910- |
|
| 240 | 1 | 0 |
_aProtivreécnosti druéstvene svojine u savremenoj socijalistiéckoj praksi. _lSpanish |
| 245 | 1 | 0 |
_aPropiedad social y autogestion / _cEdvard Kardelj. |
| 260 |
_aBuenos Aires : _bEl Cid Editor, _c1976. |
||
| 300 |
_a150 p. ; _c20 cm. |
||
| 490 | 0 |
_aColeccion Autogestion ; _v4 |
|
| 650 | 0 |
_aSocialist property _zYugoslavia. |
|
| 650 | 0 |
_aIncome _zYugoslavia. |
|
| 942 |
_2lcc _cbk |
||
| 994 |
_aC0 _bDRFGD |
||
| 999 |
_c110301 _d110301 |
||